Cities in South Carolina - Sudden Death - Statistics

General Stats
  • This quiz has been taken 56 times
  • The average score is 12 of 18
Answers on the Grid
Answers color-coded by a green-red scale on the quiz's grid according to % correct below.
Kitty Hawk
Greenville
Orangeburg
Brunswick
Beaufort
Charleston
Spartanburg
Hilton Head
Rock Hill
Raleigh
Greensboro
Nashville
Augusta
Columbus
North Myrtle Beach
Sumter
Aiken
Newport News
Anderson
Clemson
Summerville
Charlotte
Columbia
Myrtle Beach
Florence
Savannah
North Charleston
Mount Pleasant
 
Answer Stats
Answer % Correct
Charleston
82%
Greenville
79%
Myrtle Beach
79%
Columbia
76%
North Charleston
76%
North Myrtle Beach
76%
Beaufort
71%
Hilton Head
71%
Spartanburg
71%
Rock Hill
66%
Sumter
66%
Clemson
63%
Orangeburg
58%
Aiken
55%
Florence
53%
Mount Pleasant
53%
Anderson
47%
Summerville
47%
No matching quizzes found
Score Distribution
Percent of People with Each Score
Percentile by Number Answered
Your Score History
You have not taken this quiz